|
|
|
|
| LEADER |
00000cam a2200000 a 4500 |
| 001 |
vtls011612738 |
| 003 |
SK-MaSNL |
| 005 |
20260301221338.0 |
| 008 |
240313s2016 xo abo n 000 0dslo |
| 015 |
|
|
|a SNBA2017/03
|
| 020 |
|
|
|a 9788055810959
|q (brožované)
|
| 035 |
|
|
|a urn:nbn:sk:snk-am00cwng
|
| 035 |
|
|
|a urn:nbn:sk:snk-am3hn21
|
| 035 |
|
|
|a 9F75EB61-B609-41CC-A232-69337F1845A4
|
| 040 |
|
|
|a SNK
|b slo
|c SNK
|e AACR2
|
| 041 |
0 |
|
|a slo
|a rus
|
| 044 |
|
|
|a xo
|c SK
|
| 072 |
|
7 |
|a 32
|x Politika
|2 konspekt
|
| 080 |
|
|
|a 32
|2 2011
|
| 080 |
|
|
|a 32-051
|2 2011
|
| 080 |
|
|
|a 94(470+571)
|2 2011
|
| 080 |
|
|
|a (075.8)
|2 2011
|
| 100 |
1 |
|
|a Adamka, Pavol
|4 aut
|9 349814
|
| 245 |
1 |
0 |
|a Rusko
|b história a politický systém : (vysokoškolské učebné texty)
|c Pavol Adamka, Jožko Mrkvička ; [technický redaktor Helena Vozňáková]
|
| 250 |
|
|
|a 1. vyd.
|
| 260 |
|
|
|a Nitra
|b Univerzita Konštantína Filozofa, Filozofická fakulta
|c 2016
|
| 300 |
|
|
|a 114 s.
|b fotografie, mapy, ilustrácie
|c 21 cm
|
| 546 |
|
|
|a Text aj v ruštine
|
| 650 |
0 |
7 |
|a politika
|2 SNKPH
|9 968
|
| 650 |
0 |
7 |
|a politici
|2 SNKPH
|9 2679
|
| 650 |
0 |
7 |
|a Politics
|2 SNKPHeng
|9 265606
|
| 650 |
0 |
7 |
|a Politicians
|2 SNKPHeng
|9 281560
|
| 650 |
0 |
7 |
|a politické systémy
|2 SNKPH
|9 67546
|
| 651 |
|
7 |
|a Rusko
|x dejiny
|2 SNKPH
|9 163063
|
| 651 |
|
7 |
|a Russia
|x History
|2 SNKPHeng
|9 101487
|
| 655 |
|
7 |
|a učebnice vysokých škôl
|2 SNKPH
|9 70191
|
| 655 |
|
7 |
|a Textbooks (higher)
|2 SNKPHeng
|9 276436
|
| 700 |
1 |
|
|a Vozňáková, Helena
|4 oth
|9 609607
|
| 919 |
|
|
|a 978-80-558-1095-9
|
| 999 |
|
|
|c 935513
|d 937443
|
| 952 |
|
|
|a SNK
|b SNK
|y PREZ
|7 0
|p 17A1253597
|o snkSC 173282
|i snk2017/4697
|8 0
|0 0
|1 0
|4 0
|d 2017-02-21
|f 1
|l 0
|r 2025-09-11 00:00:00
|w 2026-02-24
|
| 952 |
|
|
|a SNK
|b SNK
|y VYP
|7 0
|p 17A1253598
|o snkSC 173282 D1
|i snk2017/4698
|8 0
|0 0
|1 0
|4 0
|d 2017-02-21
|l 0
|r 2026-02-24 09:01:58
|w 2026-02-24
|